00000000nam##2200000za#4500
0019.573837
003CaOODSP
00520210624183907
007cr |||||||||||
008150406|1992||||xxc|||||o    f|0| 0 eng|d
022 |a1488-5379
040 |aCaOODSP|beng
043 |an-cn---
0861 |aFs97-6/1837E-PDF
1101 |aCanada. |bDepartment of Fisheries and Oceans. |bCentral and Arctic Region.
24510|aLong-term abundance patterns of Hexagenia (Ephemeroptera: Ephemeridae) in Southern Indian Lake, Manitoba : |h[electronic resource]|bresponses to weather and hydroelectric development / |cby D.J. Giberson, D.M. Rosenberg and A.P. Wiens.
260 |aWinnipeg - Manitoba : |bFisheries and Oceans Canada. |c1992.
300 |a22p.|bfig., graphs, maps, references, tables
4901 |aCanadian technical report of fisheries and aquatic sciences|x1488-5379|vNo. 1837
500 |aThe catalogue number (Fs97-6/1837E) and ISSN (0706-6457) for the print edition have been incorrectly copied in this electronic publication.
546 |a(Résumé en français)
590 |a12-22-Supp|b2012-05-24
7201 |aWiens, A. P.
7201 |aRosenberg, D. M.
7201 |aGiberson, D. J.
7760#|tLong-term abundance patterns of Hexagenia (Ephemeroptera: Ephemeridae) in Southern Indian Lake, Manitoba: responses to weather and hydroelectric development / |w(CaOODSP)9.610031
830#0|aCanadian technical report of fisheries and aquatic sciences,|x1488-5379|vNo. 1837|w(CaOODSP)9.504449
85640|ahttp://publications.gc.ca|qPDF|s372 KB|uhttps://publications.gc.ca/collections/collection_2012/mpo-dfo/Fs97-6-1837-eng.pdf|yNo. 1837